01450nam a2200349 a 4500001001200000003000800012006001900020007001500039008004100054010001700095020002000112040002100132035002100153050002400174082002100198100002800219245010800247260004400355300001400399490007100413504006400484533015200548650002200700650005700722650003000779651004200809655002900851710001700880830006000897856012600957999001701083ebr10017536CaPaEBRm u cr cn|||||||||950815s1996 enk sb 001 0 eng  z 95020530  z0415140099 (hb) aCaPaEBRcCaPaEBR a(OCoLC)19193573014aJQ1692b.W33 1996eb04a324.6/3/09522201 aWada, Junichiro,d1960-14aThe Japanese election systemh[electronic resource] :bthree analytical perspectives /cJunichiro Wada. aLondon ;aNew York :bRoutledge,c1996. ax, 112 p.1 aRoutledge studies in the growth economies of Asia,x1359-7876 ;v5 aIncludes bibliographical references (p. 103-109) and index. aElectronic reproduction.bPalo Alto, Calif. :cebrary,d2013.nAvailable via World Wide Web.nAccess may be limited to ebrary affiliated libraries. 0aElectionszJapan. 0aRepresentative government and representationzJapan. 0aPolitical partieszJapan. 0aJapanxPolitics and governmenty1989- 7aElectronic books.2local2 aebrary, Inc. 0aRoutledge studies in the growth economies of Asia ;v5.40uhttp://site.ebrary.com/lib/rucke/Doc?id=10017536zAn electronic book accessible through the World Wide Web; click to view c12273d12273